• 首页
  • 本馆介绍
  • 公告通知
  • 最新文献
  • 馆藏检索
  • 电子资源
  • 读者导购
  • 参考咨询
  • 我的图书馆
  • 登录
  • 详细信息显示
  • 放入我的书架
  • 预约/预借图书
  • 作者相关作品
  • 分类相关作品
  • 丛书相关作品
  • 出版社相关作品

书目信息

  • 表格格式
  • 工作单格式
  • 卡片格式
题名:
汽车设计(第4版)
    
 
作者: 王望予 主编
分册:  
出版信息: 北京   机械工业出版社  2004.08
页数: 287页
开本: 16
丛书名: 普通高等教育机电类规划教材
单 册:
中图分类: U462
科图分类:
主题词: 汽车--qi che--设计--高等学校--教材
电子资源:
ISBN: 978-7-111-07613-1
000 01329nam 2200277 450
001 0106081822
005 20201109090335.03
010    @a978-7-111-07613-1@dCNY39.80
100    @a20070104e20192004em y0chiy0110 ea
101 0  @achi
102    @aCN@b110000
105    @ay z 000yy
106    @ar
200 1  @a汽车设计(第4版)@AQi Che She Ji Di Ban@f王望予主编
205    @a4版
210    @a北京@c机械工业出版社@d2004.08@h2019.01
215    @a287页@d16
225 2  @a普通高等教育机电类规划教材@APu Tong Gao Deng Jiao Yu Ji Dian Lei Gui Hua Jiao Cai
330    @a本书系统地介绍了汽车设计理论与计算方法,包括整车及底盘各主要总成设计所需要的基本知识。其内容有汽车总体设计,离合器、变速器、万向传动轴、驱动桥、悬架、转向系和制动系等各总成设计应满足的要求、结构方案分类与分析、主要参数及零部件载荷的确定、强度计算方法、主要结构元件分析、最新设计方法及其在汽车设计中的应用。本书还介绍了近年来在汽车设计中得到应用的最新技术成果。@a本书是高等院校车辆工程(原汽车)专业教材,也可作为汽车行业及相关行业工程技术人员的参考书。
333    @a高等院校车辆工程(原汽车)专业教材,也可作为汽车行业及相关行业
461  0 @12001 @a普通高等教育机电类规划教材
606 0  @a汽车@Aqi che@x设计@x高等学校@j教材
690    @aU462@v5
701  0 @a王望予@AWang Wang Yu@4主编
801  0 @aCN@bBJSZM@c20201106
905    @b1192216-9@dU462@e934=4@f4
    
    汽车设计(第4版)/王望予主编.-4版.-北京:机械工业出版社,2004.08(2019.01)
    287页;16.-(普通高等教育机电类规划教材)
    使用对象:高等院校车辆工程(原汽车)专业教材,也可作为汽车行业及相关行业
    
    ISBN 978-7-111-07613-1:CNY39.80
    本书系统地介绍了汽车设计理论与计算方法,包括整车及底盘各主要总成设计所需要的基本知识。其内容有汽车总体设计,离合器、变速器、万向传动轴、驱动桥、悬架、转向系和制动系等各总成设计应满足的要求、结构方案分类与分析、主要参数及零部件载荷的确定、强度计算方法、主要结构元件分析、最新设计方法及其在汽车设计中的应用。本书还介绍了近年来在汽车设计中得到应用的最新技术成果。
●
相关链接 在E读中查询图书 在五车中查询图书 在当当中查询图书 在豆瓣中查询图书


正题名:汽车设计(第4版)     索取号:U462/934=4         预约/预借

序号 登录号 条形码 馆藏地/架位号 状态 备注
1 1192216   211922160   第二样本阅览室/ [索取号:U462/934=4] 在馆    
2 1192217   211922179   第三借阅区/ [索取号:U462/934=4] 在馆    
3 1192218   211922188   第三借阅区/ [索取号:U462/934=4] 在馆    
4 1192219   211922197   第三借阅区/ [索取号:U462/934=4] 在馆    
唐山师范学院图书馆 欢迎您!
大连网信软件有限公司© 版权所有